000 00601nam a2200229 a 4500
001 nice12345678
003 IN_TiNIC
005 20260116012353.0
008 050524s1986 sina grp 000 0 eng
020 _a
_c0
082 0 0 _a270.82
_bSTE
100 _aStephens, Barbara
245 _aFinding the Way Together
_b Education for Ecumenical Understanding & Action
260 _aSingapur
_bChristian Conference India
_c1986
300 _a286p
500 _aincludes index and biblioraphy
505 2 _aIndex
700 1 _aStephens, Barbara
902 _bSRS
942 _cBK
999 _c6738
_d6738